000 00891nam a22002657a 4500
001 75066
003 BD-RjUL
005 20211209082635.0
008 190115s20122007ii a|||| b||| 001 0 eng d
020 _a9780070620995
035 _a(BD-RjUL)75284
040 _aBD-RjUL
_beng
_cBD-RjUL
041 _aeng
082 _223
_a628.30954
_bARW 2012
100 _aArceivala, Soli. J.
_9226985
245 _aWastewater treatment for pollution control and reuse /
_cSoli. J. Arceivala, Shyam. R. Asolekar.
250 _a 3rd ed.
260 _aNew Delhi :
_bMcGraw-Hill,
_cc2007 [Reprinted 2012]
300 _axiv, 518 pages :
_billustrations ;
_c24 cm
490 0 _aTata McGraw-Hill Professional Civil Engineering series.
504 _aIncludes bibliographical references and index.
650 _aWater
_xPurification.
_9226986
700 _aAsolekar, Shyam. R.
_9226987
942 _2ddc
_cBK
999 _c75066
_d75066